000 00564nam a2200229Ia 4500
001 955
005 20240113233437.0
007 ta
008 050128s1978 g b000 u eng u
040 _aRef.Stack
041 _aeng
082 _a928
_bBr 74 Ch
100 _aBrewer, Derek .
245 0 _aChaucer and his World /
_cDerek Brewer.
_hTextual Documents
250 _a1st ed /
260 _aLondon :
_bEyre Methuen Ltd. ,
_c1978.
300 _a221p. ;
_c21cm..
653 _aChaucer - World
942 _2ddc
_cBK
999 _c953
_d953